000 00564nam a22001935i 4500
001 54440
003 ES-MaACL
007 t|
008 960723s1878 gw ||||1| eng d
040 _aCAM
_bspa
_cCAM
100 1 _aFothergill, Jessie.
_951911
245 1 4 _aThe first violin
_b: a novel /
_cby Jessie Fothergill.
260 _aLeipzig :
_bBernhard Tauchnitz,
_c1878.
300 _a2 t. en 1 v. ;
_c17 cm.
490 1 _aCollection of British authors
830 0 _aCollection of British authors
_9180703
852 _aES-MaACL
_jG-12430
999 _c54440
_d54440